00559 2200205 4500001002100000005001500021035002000036007000300056008004100059020001800100082000800118084001400126100003300140245008000173250001000253260003100263300003000294650001600324990001300340INLIS00000000000007020170907034136 a0010-0917000056ta170907 0  a979-25-0162-2 a297 a297 NAD d0 aNadwi, Sayyid Abul Hasan Ali1 aDerita Dunia :bAkibat Kemunduran Umat ISlam /cSayyid Abul Hasan Ali Nadwi aCet.1 aJakarta :bFAdlindo,c2006 a332 hlm ;c13.5 X 20.5 Cm aAgama Islam a1071 918